00401nam a22001337a 4500020001800000082001200018100002000030245005600050260003100106300000900137942000700146999001500153952009900168 a9780415652353 a302.540 aDebra J. Peoler aThe development and treatment of girlhood agression aNew yorkbPsychology press a307p cBK c3031d3031 001040708NFICaCLbCLcGENd2016-04-27l0o302.540 DEVpS3H-S-8r2021-10-25w2016-04-27yBK